[Event "Olympiad-42"]
[Site "Baku"]
[Date "2016.09.13"]
[Round "11.3"]
[White "Shanmugam, Ravindran"]
[Black "Priyankara, Chamil Y"]
[Result "1-0"]
[WhiteElo "2345"]
[BlackElo "2015"]
[PlyCount "95"]
[EventDate "2016.09.02"]
[EventType "team-swiss"]
[EventRounds "11"]
[EventCountry "AZE"]
[SourceTitle "CBM 175"]
[Source "ChessBase"]
[SourceDate "2016.11.10"]
[SourceVersion "1"]
[SourceVersionDate "2016.11.10"]
[SourceQuality "1"]
[WhiteTeam "Singapore"]
[BlackTeam "Sri Lanka"]
[WhiteTeamCountry "SIN"]
[BlackTeamCountry "SRI"]

1. e4 c5 2. d3 g6 3. g3 Bg7 4. Bg2 Nc6 5. f4 e6 6. Nf3 Nge7 7. c3 b5 8. Be3 d6 9. d4 cxd4 10. cxd4 0-0 11. 0-0 Bb7 12. Nbd2 Rc8 13. Rc1 Qa5 14. Nb3 Qa6 15. e5 Na5 16. exd6 Nf5 17. Rxc8 Rxc8 18. d7 Rd8 19. Nc5 Nxe3 20. Qd3 Qb6 21. Qxe3 Nc4 22. Qf2 Bc6 23. b3 Nd6 24. Ne5 Bxg2 25. Qxg2 Nf5 26. Qe4 Nd6 27. Qg2 Nf5 28. Qe4 Nd6 29. Qf3 Nf5 30. Qf2 Ne7 31. b4 Nd5 32. a3 Bf6 33. Rc1 Be7 34. Rc2 Rf8 35. h3 Bd6 36. Kh2 h5 37. Ne4 Bxe5 38. fxe5 Qd8 39. Rc5 a6 40. Qd2 Kg7 41. Rxd5 exd5 42. Nf6 Qa8 43. Qg5 a5 44. Nxh5+ Kh7 45. Nf6+ Kg7 46. Ng4 f5 47. exf6+ Kf7 48. Qe5 1-0

[Event "Olympiad-42"]
[Site "Baku"]
[Date "2016.09.11"]
[Round "9.3"]
[White "Bartel, Mateusz"]
[Black "Shanmugam, Ravindran"]
[Result "1-0"]
[WhiteElo "2646"]
[BlackElo "2345"]
[PlyCount "85"]
[EventDate "2016.09.02"]
[EventType "team-swiss"]
[EventRounds "11"]
[EventCountry "AZE"]
[SourceTitle "CBM 175"]
[Source "ChessBase"]
[SourceDate "2016.11.10"]
[SourceVersion "1"]
[SourceVersionDate "2016.11.10"]
[SourceQuality "1"]
[WhiteTeam "Poland"]
[BlackTeam "Singapore"]
[WhiteTeamCountry "POL"]
[BlackTeamCountry "SIN"]

1. e4 e5 2. Nf3 Nc6 3. Bb5 Nf6 4. d3 Bc5 5. Nbd2 d6 6. Bxc6+ bxc6 7. 0-0 0-0 8. h3 Re8 9. Re1 h6 10. Nf1 Be6 11. Ng3 Bb6 12. a4 a6 13. b3 Nh7 14. Be3 Bxe3 15. Rxe3 Nf8 16. d4 Ng6 17. dxe5 dxe5 18. Rc3 Bd7 19. Rd3 Nf8 20. Qd2 Qe7 21. Rd1 Bc8 22. Qc3 Qf6 23. Qa5 Ra7 24. Qc5 Rb7 25. Nh5 Qe6 26. Rd8 f6 27. Ng3 Bd7 28. Rxe8 Bxe8 29. Nf5 Nd7 30. Qa5 c5 31. Nd2 Bg6 32. Nc4 Kh7 33. Qd2 Nb6 34. Nce3 Bxf5 35. Nxf5 c6 36. Qa5 Rd7 37. Rxd7 Nxd7 38. Qxa6 g6 39. Ne3 Kg7 40. Qb7 f5 41. a5 f4 42. Nc4 f3 43. Nb6 1-0

[Event "Olympiad-42"]
[Site "Baku"]
[Date "2016.09.06"]
[Round "5.4"]
[White "Halkias, Stelios"]
[Black "Shanmugam, Ravindran"]
[Result "1-0"]
[WhiteElo "2565"]
[BlackElo "2345"]
[PlyCount "81"]
[EventDate "2016.09.02"]
[EventType "team-swiss"]
[EventRounds "11"]
[EventCountry "AZE"]
[SourceTitle "CBM 175"]
[Source "ChessBase"]
[SourceDate "2016.11.10"]
[SourceVersion "1"]
[SourceVersionDate "2016.11.10"]
[SourceQuality "1"]
[WhiteTeam "Greece"]
[BlackTeam "Singapore"]
[WhiteTeamCountry "GRE"]
[BlackTeamCountry "SIN"]

1. Nf3 d5 2. d4 Nf6 3. c4 e6 4. Nc3 Be7 5. Bg5 h6 6. Bh4 0-0 7. e3 Ne4 8. Bxe7 Qxe7 9. Rc1 Rd8 10. Qc2 Nxc3 11. Qxc3 dxc4 12. Bxc4 Nd7 13. Be2 c6 14. 0-0 Nf6 15. a3 Bd7 16. Rfd1 Be8 17. Ne5 Rac8 18. b4 Nd7 19. Nd3 Nf6 20. Bf3 Rc7 21. Qc5 Qxc5 22. bxc5 b6 23. Nb4 Rdc8 24. Na6 Rd7 25. h4 Kf8 26. a4 Nd5 27. Rd2 Nc7 28. Nb4 Nd5 29. Nd3 Rdc7 30. Rb2 Ke7 31. e4 Nf6 32. cxb6 axb6 33. Rxb6 c5 34. d5 exd5 35. exd5 Kd8 36. d6 Ra7 37. Nxc5 Bxa4 38. Nb7+ Kd7 39. Re1 Re8 40. Nc5+ Kc8 41. Rc1 1-0

[Event "Olympiad-40"]
[Site "Istanbul"]
[Date "2012.09.05"]
[Round "8.3"]
[White "Ringoir, Tanguy"]
[Black "Shanmugam, Ravindran"]
[Result "1-0"]
[WhiteElo "2448"]
[BlackElo "2406"]
[PlyCount "103"]
[EventDate "2012.08.28"]
[EventType "team-swiss"]
[EventRounds "11"]
[EventCountry "TUR"]
[SourceTitle "CBM 151"]
[Source "ChessBase"]
[SourceDate "2012.11.13"]
[SourceVersion "1"]
[SourceVersionDate "2012.11.13"]
[SourceQuality "1"]
[WhiteTeam "Belgium"]
[BlackTeam "Singapore"]
[WhiteTeamCountry "BEL"]
[BlackTeamCountry "SIN"]

1. e4 e5 2. Nf3 Nc6 3. Bb5 a6 4. Ba4 Nf6 5. 0-0 Nxe4 6. d4 b5 7. Bb3 d5 8. dxe5 Be6 9. Nbd2 Bc5 10. Qe2 Nxd2 11. Bxd2 0-0 12. Rad1 Bg4 13. c3 Re8 14. Bf4 Nxe5 15. Bxe5 c6 16. Rde1 f6 17. Qc2 Bxf3 18. Bd4 Bxd4 19. cxd4 Rxe1 20. Rxe1 Bh5 21. Qxc6 Bf7 22. h3 h6 23. Rc1 Ra7 24. Qc8 Qxc8 25. Rxc8+ Kh7 26. f3 Re7 27. Kf2 Bg6 28. Bxd5 Bd3 29. Rc3 Re2+ 30. Kf1 Re5+ 31. Rxd3 Rxd5 32. Kf2 Kg6 33. Ke3 Kf5 34. Rc3 Rd7 35. Rc5+ Ke6 36. Rc6+ Kd5 37. Rxa6 Re7+ 38. Kd3 Re1 39. Rb6 Rd1+ 40. Ke2 Rc1 41. Rxb5+ Kxd4 42. Kf2 Rc2+ 43. Kg3 Ke3 44. Rb7 Ke2 45. Rxg7 Rxb2 46. Kh4 Rxa2 47. Kh5 Kf1 48. Kxh6 Rxg2 49. Rxg2 Kxg2 50. f4 Kxh3 51. f5 Kg4 52. Kg6 1-0

[Event "Olympiad-40"]
[Site "Istanbul"]
[Date "2012.09.03"]
[Round "6.3"]
[White "Sanal, Vahap"]
[Black "Shanmugam, Ravindran"]
[Result "1-0"]
[WhiteElo "2387"]
[BlackElo "2406"]
[PlyCount "59"]
[EventDate "2012.08.28"]
[EventType "team-swiss"]
[EventRounds "11"]
[EventCountry "TUR"]
[SourceTitle "CBM 151"]
[Source "ChessBase"]
[SourceDate "2012.11.13"]
[SourceVersion "1"]
[SourceVersionDate "2012.11.13"]
[SourceQuality "1"]
[WhiteTeam "Turkey 2016"]
[BlackTeam "Singapore"]
[WhiteTeamCountry "TUR"]
[BlackTeamCountry "SIN"]

1. e4 e5 2. Nf3 Nc6 3. Bb5 a6 4. Ba4 Nf6 5. 0-0 Nxe4 6. d4 b5 7. Bb3 d5 8. dxe5 Be6 9. Be3 Be7 10. c3 Nc5 11. Bc2 Nd7 12. Nd4 Ncxe5 13. f4 Nc4 14. Re1 Nb8 15. Nxe6 fxe6 16. Bd4 Kf8 17. Rxe6 Nd7 18. b3 Ncb6 19. Nd2 Bf6 20. Nf3 Bxd4+ 21. Nxd4 Qb8 22. Nc6 Qb7 23. Qd4 Nc8 24. Qxd5 Nd6 25. Rxd6 cxd6 26. Qxd6+ Kf7 27. Qe7+ Kg8 28. b4 h6 29. Bb3+ Kh7 30. Qe4+ 1-0

[Event "Olympiad-40"]
[Site "Istanbul"]
[Date "2012.09.01"]
[Round "5.4"]
[White "Nielsen, Rogvi Egilstoft"]
[Black "Shanmugam, Ravindran"]
[Result "1-0"]
[WhiteElo "2203"]
[BlackElo "2406"]
[PlyCount "51"]
[EventDate "2012.08.28"]
[EventType "team-swiss"]
[EventRounds "11"]
[EventCountry "TUR"]
[SourceTitle "CBM 151"]
[Source "ChessBase"]
[SourceDate "2012.11.13"]
[SourceVersion "1"]
[SourceVersionDate "2012.11.13"]
[SourceQuality "1"]
[WhiteTeam "Faroe Islands"]
[BlackTeam "Singapore"]
[WhiteTeamCountry "FAI"]
[BlackTeamCountry "SIN"]

1. e4 e5 2. Nf3 Nc6 3. Bc4 Bc5 4. c3 Nf6 5. d3 a6 6. Bb3 d6 7. h3 Ba7 8. Nbd2 Ne7 9. Nf1 Ng6 10. Ng3 0-0 11. 0-0 b5 12. a4 Bb7 13. Nh2 d5 14. Qf3 Nh4 15. Qe2 h6 16. Ng4 dxe4 17. dxe4 Nxg4 18. Qxg4 Kh7 19. Nf5 Ng6 20. h4 bxa4 21. Rxa4 Qf6 22. Bg5 hxg5 23. hxg5 Qc6 24. Rc4 Qd7 25. Rxc7 Bd5 26. Bxd5 1-0

[Event "BCF-chTb 1112 (4NCL)"]
[Site "England"]
[Date "2012.02.11"]
[Round "5.51"]
[White "Shanmugam, Ravindran"]
[Black "Jones, Gawain C B"]
[Result "0-1"]
[WhiteElo "2386"]
[BlackElo "2653"]
[PlyCount "80"]
[EventDate "2011.11.12"]
[EventType "team-tourn"]
[EventRounds "7"]
[EventCountry "ENG"]
[SourceTitle "EXT 2013"]
[Source "ChessBase"]
[SourceDate "2012.11.22"]
[SourceVersion "1"]
[SourceVersionDate "2012.11.22"]
[SourceQuality "1"]
[WhiteTeam "Oxford"]
[BlackTeam "White Rose"]
[WhiteTeamCountry "ENG"]
[BlackTeamCountry "ENG"]

1. e4 c5 2. d3 Nc6 3. g3 Nf6 4. Bg2 d5 5. exd5 Nxd5 6. Nc3 Nxc3 7. bxc3 g6 8. Ne2 Bg7 9. 0-0 Bg4 10. Rb1 Qd7 11. Be3 b6 12. d4 Rc8 13. Re1 cxd4 14. cxd4 0-0 15. c4 e5 16. dxe5 Qxd1 17. Rbxd1 Nxe5 18. h3 Bf3 19. Bd4 Bxg2 20. Kxg2 Rxc4 21. Nf4 Nf3 22. Kxf3 Bxd4 23. Re4 Rc3+ 24. Kg2 Bc5 25. Rd7 b5 26. Rc7 Rd8 27. Ne2 Rc2 28. Re5 Bd6 29. Rxc2 Bxe5 30. Rc5 Bf6 31. Rxb5 Rd2 32. Nc1 Rc2 33. Rb1 Bd4 34. Nd3 Rxa2 35. Kf3 Kg7 36. Rb7 Bb6 37. h4 Rc2 38. Ke4 Rc7 39. Rb8 Rd7 40. Ne5 Re7 0-1

[Event "Poti Aleksandria Cup"]
[Site "Poti"]
[Date "2011.07.14"]
[Round "4"]
[White "Tsomaia, Merab"]
[Black "Shanmugam, Ravindran"]
[Result "1/2-1/2"]
[WhiteElo "1930"]
[BlackElo "2291"]
[PlyCount "32"]
[EventDate "2011.07.11"]
[EventType "swiss"]
[EventRounds "9"]
[EventCountry "GEO"]
[SourceTitle "CBM 143 Extra"]
[Source "ChessBase"]
[SourceDate "2011.08.29"]
[SourceVersion "1"]
[SourceVersionDate "2011.08.29"]
[SourceQuality "1"]

1. d4 d5 2. c4 c6 3. Nf3 e6 4. Nbd2 f5 5. e3 Nf6 6. Be2 Bd6 7. 0-0 Nbd7 8. b3 0-0 9. Bb2 Ne4 10. Ne5 Qf6 11. f4 g5 12. g3 g4 13. Nxe4 dxe4 14. Qc2 Be7 15. d5 Nxe5 16. Bxe5 Qg6 1/2-1/2

[Event "Singapore Vision IM 8th"]
[Site "Singapore"]
[Date "2009.03.22"]
[Round "10"]
[White "Shanmugam, Ravindran"]
[Black "Ranola, Yves"]
[Result "1/2-1/2"]
[WhiteElo "2300"]
[BlackElo "2390"]
[PlyCount "32"]
[EventDate "2009.03.18"]
[EventType "tourn"]
[EventRounds "10"]
[EventCountry "SIN"]
[EventCategory "3"]
[SourceTitle "EXT 2022"]
[Source "ChessBase"]
[SourceDate "2021.10.06"]
[SourceVersion "1"]
[SourceVersionDate "2021.10.06"]
[SourceQuality "1"]

1. e4 c5 2. Nf3 Nc6 3. d4 cxd4 4. Nxd4 e5 5. Nb5 d6 6. N1c3 a6 7. Na3 b5 8. Nd5 Nge7 9. c4 Nd4 10. cxb5 Nxd5 11. exd5 Be7 12. Be3 Nf5 13. Bd2 e4 14. bxa6 0-0 15. Bc4 Bf6 16. Bc3 Bxc3+ 1/2-1/2

[Event "Singapore Vision IM 8th"]
[Site "Singapore"]
[Date "2009.03.19"]
[Round "3.3"]
[White "Gyozalyan, Tigran"]
[Black "Shanmugam, Ravindran"]
[Result "1/2-1/2"]
[WhiteElo "2267"]
[BlackElo "2300"]
[PlyCount "107"]
[EventDate "2009.03.18"]
[EventType "tourn"]
[EventRounds "10"]
[EventCountry "SIN"]
[EventCategory "3"]
[SourceTitle "EXT 2024"]
[Source "ChessBase"]
[SourceDate "2023.10.10"]
[SourceVersion "1"]
[SourceVersionDate "2023.10.10"]
[SourceQuality "1"]

1. Nf3 d5 2. c4 c6 3. Qc2 e6 4. d4 dxc4 5. Qxc4 b5 6. Qc2 Bb7 7. g3 a6 8. Bg2 Nd7 9. 0-0 Rc8 10. e4 Ngf6 11. Rd1 c5 12. d5 exd5 13. exd5 Bxd5 14. Nc3 Bc6 15. Ne5 Bxg2 16. Kxg2 Be7 17. Bf4 Rc7 18. Ne4 0-0 19. Nxf6+ Bxf6 20. Ng4 Qa8+ 21. Kg1 Ra7 22. Nxf6+ Nxf6 23. Qxc5 Rc8 24. Qf5 Re7 25. Bg5 Re6 26. Re1 Ne4 27. Bf4 Rce8 28. Be3 Nd6 29. Qf4 Nc4 30. Bd2 Nxb2 31. Rxe6 Rxe6 32. Bc3 Nc4 33. a4 Qe8 34. axb5 axb5 35. Ra7 f6 36. Qc7 Qg6 37. Qb8+ Re8 38. Qxb5 Ne5 39. Bxe5 fxe5 40. Qd5+ Kh8 41. Ra8 h6 42. Rxe8+ Qxe8 43. h4 Qe7 44. Kg2 Qf6 45. Kf1 Qa6+ 46. Kg2 Qf6 47. Qf3 Qd6 48. Qa8+ Kh7 49. Qe4+ Kh8 50. Qf5 Qd5+ 51. f3 Qd4 52. Qf8+ Kh7 53. Qf5+ Kh8 54. h5 1/2-1/2

[Event "SIN-ch"]
[Site "Singapore"]
[Date "2009.01.08"]
[Round "7"]
[White "Chan, Yi Ren Daniel"]
[Black "Shanmugam, Ravindran"]
[Result "1-0"]
[WhiteElo "2412"]
[BlackElo "2300"]
[PlyCount "115"]
[EventDate "2009.01.03"]
[EventType "swiss"]
[EventRounds "9"]
[EventCountry "SIN"]
[SourceTitle "CBM 128 Extra"]
[Source "ChessBase"]
[SourceDate "2009.03.05"]
[SourceVersion "2"]
[SourceVersionDate "2009.03.25"]
[SourceQuality "1"]

1. e4 e5 2. Nf3 Nc6 3. d4 exd4 4. Bc4 Bc5 5. c3 Nf6 6. e5 d5 7. Bb5 Ne4 8. cxd4 Bb6 9. h3 0-0 10. 0-0 f6 11. Nc3 fxe5 12. Bxc6 bxc6 13. Nxe4 dxe4 14. Bg5 Qd5 15. Nxe5 Ba6 16. Be3 Bxf1 17. Qxf1 Bxd4 18. Nxc6 Qxc6 19. Bxd4 Qd5 20. Be3 Rfd8 21. Qe2 c5 22. b3 Rac8 23. Rc1 Rc6 24. Qb5 c4 25. Qxd5+ Rxd5 26. bxc4 Ra5 27. Rc2 Rca6 28. Rd2 Rxa2 29. Rd8+ Kf7 30. Rd7+ Ke8 31. Rxg7 h6 32. Rh7 R2a4 33. c5 Rc6 34. g4 a5 35. Ra7 Ra1+ 36. Kg2 a4 37. Kg3 a3 38. Kf4 a2 39. Kf5 Rh1 40. Rxa2 Rxh3 41. Kxe4 Kd7 42. Kd5 Rg6 43. Ra7+ Kc8 44. Rh7 Rxg4 45. Rh8+ Kc7 46. Rh7+ Kc8 47. Rxh6 Rf3 48. Kc6 Rg8 49. Kb6 Rgf8 50. c6 R3f6 51. Rh7 Kb8 52. Bd4 Re6 53. f4 Kc8 54. Ra7 Kb8 55. Be5+ Rxe5 56. fxe5 Rf1 57. c7+ Kc8 58. Ra8+ 1-0

[Event "SIN-ch"]
[Site "Singapore"]
[Date "2009.01.06"]
[Round "5"]
[White "Shanmugam, Ravindran"]
[Black "Tan, Weiliang"]
[Result "1/2-1/2"]
[WhiteElo "2300"]
[BlackElo "2107"]
[PlyCount "98"]
[EventDate "2009.01.03"]
[EventType "swiss"]
[EventRounds "9"]
[EventCountry "SIN"]
[SourceTitle "CBM 128 Extra"]
[Source "ChessBase"]
[SourceDate "2009.03.05"]
[SourceVersion "2"]
[SourceVersionDate "2009.03.25"]
[SourceQuality "1"]

1. e4 c5 2. d3 Nc6 3. g3 g6 4. Bg2 Bg7 5. f4 d6 6. Nf3 e5 7. 0-0 exf4 8. Bxf4 Bxb2 9. Nbd2 Bg7 10. Nc4 Ne5 11. Nfxe5 dxe5 12. Be3 Qc7 13. Qf3 f6 14. Qf2 b6 15. a4 Ne7 16. a5 Rb8 17. axb6 axb6 18. Nxe5 0-0 19. Nc4 Nc6 20. Qd2 Be6 21. Bf4 Ne5 22. Nxe5 fxe5 23. Bg5 c4 24. dxc4 Qxc4 25. Kh1 Rxf1+ 26. Rxf1 Qd4 27. Be3 Qxd2 28. Bxd2 Rc8 29. Be3 b5 30. Rf2 Rc4 31. Kg1 Bd7 32. Bb6 Bc6 33. Re2 b4 34. Rd2 Bf6 35. Bf1 Rc3 36. Bd8 Kg7 37. Bxf6+ Kxf6 38. Bd3 Ba4 39. Kf2 Ra3 40. Re2 Rc3 41. Rd2 Ke6 42. Ke2 Rc8 43. Ke3 Rc3 44. Ke2 Ke7 45. Kf2 Bc6 46. Rd1 Ba4 47. Rd2 Bd7 48. Rd1 Bc6 49. Rd2 Bd7 1/2-1/2

[Event "SIN-ch"]
[Site "Singapore"]
[Date "2009.01.03"]
[Round "2"]
[White "Fernandez, Daniel Howard"]
[Black "Shanmugam, Ravindran"]
[Result "1/2-1/2"]
[WhiteElo "2159"]
[BlackElo "2300"]
[PlyCount "70"]
[EventDate "2009.01.03"]
[EventType "swiss"]
[EventRounds "9"]
[EventCountry "SIN"]
[SourceTitle "CBM 128 Extra"]
[Source "ChessBase"]
[SourceDate "2009.03.05"]
[SourceVersion "2"]
[SourceVersionDate "2009.03.25"]
[SourceQuality "1"]

1. e4 e5 2. Nf3 Nc6 3. Bb5 a6 4. Ba4 Nf6 5. 0-0 Nxe4 6. d4 b5 7. Bb3 d5 8. dxe5 Be6 9. Nbd2 Nc5 10. c3 g6 11. Bc2 Bg7 12. Qe2 Nd7 13. Nb3 Ndxe5 14. Ng5 Qe7 15. Re1 0-0 16. f4 Nc4 17. Nxe6 fxe6 18. Qxe6+ Qxe6 19. Rxe6 Rf6 20. Re2 Rd6 21. Bd3 d4 22. cxd4 Nxd4 23. Bxc4+ bxc4 24. Nxd4 Bxd4+ 25. Be3 Re8 26. Rae1 Rxe3 27. Rxe3 Bxe3+ 28. Rxe3 Rd2 29. Rc3 Rxb2 30. Rxc4 Rxa2 31. Rxc7 Ra4 32. Ra7 a5 33. h3 Kh8 34. Kh2 Rxf4 35. Rxa5 Kg7 1/2-1/2

[Event "Singapore U20-Myanmar 2nd"]
[Site "Singapore"]
[Date "2008.04.19"]
[Round "1"]
[White "Shanmugam, Ravindran"]
[Black "Wynn, Zaw Htung"]
[Result "1/2-1/2"]
[WhiteElo "2149"]
[BlackElo "2542"]
[PlyCount "142"]
[EventDate "2008.04.19"]
[EventType "schev"]
[EventRounds "12"]
[EventCountry "SIN"]
[SourceTitle "EXT 2022"]
[Source "ChessBase"]
[SourceDate "2021.10.06"]
[SourceVersion "1"]
[SourceVersionDate "2021.10.06"]
[SourceQuality "1"]
[WhiteTeam "Singapore (U20)"]
[BlackTeam "Myanmar"]
[WhiteTeamCountry "SIN"]
[BlackTeamCountry "MYA"]

1. e4 d6 2. d4 Nf6 3. Nc3 Nbd7 4. Nf3 e5 5. Bc4 Be7 6. 0-0 0-0 7. a4 c6 8. Re1 a5 9. h3 Re8 10. Ng5 Rf8 11. Nf3 exd4 12. Nxd4 Nc5 13. Bf4 Re8 14. Qf3 Qb6 15. Rad1 Qb4 16. b3 Ne6 17. Nxe6 Bxe6 18. Bxe6 fxe6 19. Bxd6 Bxd6 20. e5 Nd5 21. Nxd5 exd5 22. c3 Qa3 23. exd6 Qxd6 24. Qg4 Rad8 25. Qd4 Rxe1+ 26. Rxe1 c5 27. Qe5 Qxe5 28. Rxe5 Kf7 29. Kf1 b6 30. Ke2 Kf6 31. Re3 d4 32. Rf3+ Ke7 33. Kd3 g5 34. Rf5 h6 35. f4 Ke6 36. g4 gxf4 37. Rxf4 dxc3+ 38. Kxc3 Ke5 39. Rf5+ Ke4 40. Rh5 Rd3+ 41. Kc2 Rd6 42. Rf5 Kd4 43. h4 Re6 44. Rf4+ Ke3 45. Rf8 Rg6 46. h5 Rd6 47. Re8+ Kf4 48. Rg8 Rd4 49. Rg6 Rb4 50. Kc3 Kf3 51. g5 hxg5 52. Rxg5 Kf4 53. Rg6 Kf5 54. Rc6 Ke5 55. h6 Kd5 56. Rg6 Rh4 57. Rxb6 Rh3+ 58. Kc2 c4 59. bxc4+ Kxc4 60. Kd2 Kc5 61. Rb5+ Kc4 62. Rb6 Kc5 63. Rb5+ Kc4 64. Rxa5 Rxh6 65. Ra8 Kb4 66. a5 Kb5 67. Kc3 Rh3+ 68. Kb2 Rh6 69. Kc3 Rh3+ 70. Kd4 Rh4+ 71. Kd5 Rh5+ 1/2-1/2

[Event "Singapore U20-Myanmar 1st"]
[Site "Singapore"]
[Date "2008.04.05"]
[Round "5"]
[White "Wynn, Zaw Htung"]
[Black "Shanmugam, Ravindran"]
[Result "1-0"]
[WhiteElo "2542"]
[BlackElo "2163"]
[PlyCount "107"]
[EventDate "2008.03.29"]
[EventType "schev"]
[EventRounds "12"]
[EventCountry "SIN"]
[SourceTitle "EXT 2022"]
[Source "ChessBase"]
[SourceDate "2021.10.06"]
[SourceVersion "1"]
[SourceVersionDate "2021.10.06"]
[SourceQuality "1"]
[WhiteTeam "Myanmar"]
[BlackTeam "Singapore (U20)"]
[WhiteTeamCountry "MYA"]
[BlackTeamCountry "SIN"]

1. c4 c6 2. Qa4 Nf6 3. Nc3 e6 4. g3 d5 5. Bg2 Nbd7 6. d3 Be7 7. Nf3 a5 8. Qc2 0-0 9. 0-0 Re8 10. e4 dxc4 11. dxc4 e5 12. h3 Qc7 13. Be3 Nc5 14. Rfd1 h6 15. Rac1 Be6 16. Nd5 Bxd5 17. cxd5 Ncxe4 18. dxc6 Rac8 19. Nh4 Qxc6 20. Qb1 Qa4 21. b3 Qb4 22. a3 Qxa3 23. Bxe4 Nxe4 24. Qxe4 Rxc1 25. Rxc1 Bxh4 26. Qxh4 Qxb3 27. Qe4 Rd8 28. Kh2 Qd5 29. Qg4 Qd6 30. Rb1 Rd7 31. Rb5 Qd1 32. Rxe5 Qxg4 33. hxg4 Rd1 34. Rxa5 Rb1 35. Ra8+ Kh7 36. Rb8 Kg6 37. Kg2 h5 38. gxh5+ Kxh5 39. Kf3 Rb4 40. Rd8 Kg6 41. Rd6+ Kh7 42. Rb6 Rc4 43. Rxb7 Kg6 44. Rd7 Ra4 45. Bd4 Rb4 46. Ke4 Rb5 47. f4 f6 48. g4 Rb1 49. f5+ Kh6 50. g5+ fxg5 51. Bxg7+ Kh5 52. Bd4 Kh6 53. Rd8 g4 54. Kf4 1-0

[Event "SGP-ch 60th"]
[Site "Singapore"]
[Date "2008.01.03"]
[Round "7"]
[White "Shanmugam, Ravindran"]
[Black "Chua, Xing Jian Graham"]
[Result "0-1"]
[WhiteElo "2163"]
[BlackElo "2065"]
[PlyCount "76"]
[EventDate "2007.12.29"]
[EventType "swiss"]
[EventRounds "9"]
[EventCountry "SIN"]
[SourceTitle "EXT 2022"]
[Source "ChessBase"]
[SourceDate "2021.10.06"]
[SourceVersion "1"]
[SourceVersionDate "2021.10.06"]
[SourceQuality "1"]

1. e4 c5 2. Nf3 Nc6 3. d4 cxd4 4. Nxd4 e5 5. Nb5 d6 6. N1c3 a6 7. Na3 b5 8. Nd5 Nf6 9. Bg5 Be7 10. Bxf6 Bxf6 11. c4 b4 12. Nc2 Rb8 13. b3 0-0 14. g3 Bg5 15. h4 Bh6 16. Bh3 Be6 17. Bf5 g6 18. Qg4 Qc8 19. Bxe6 fxe6 20. Nde3 Nd4 21. h5 Bxe3 22. Nxe3 Nf3+ 23. Kf1 g5 24. h6 Qe8 25. Kg2 Qf7 26. Rad1 Rbd8 27. Nf1 Ne1+ 28. Kh3 Qg6 29. Rxe1 Rxf2 30. Qd1 Qxh6+ 31. Kg4 Qxh1 32. Nd2 Qh6 33. Nf3 Rf8 34. Rh1 Qg6 35. Nxg5 R8f4+ 36. gxf4 Rxf4+ 37. Kh3 Qh6+ 38. Kg2 Qxg5+ 0-1